Language Quiz

Random Language Quiz

Words Ending in ika Quiz Stats

 Plays Quiz not verified by Sporcle

Also try: Irregular Plurals
Challenge
Share
Tweet
Embed
Score 0/11 Timer 03:00
0 Plays Today
Clue Word % Correct
German for AfricaAfrika
77.8%
German for AmericaAmerika
77.8%
Symbol used by Nazi GermanySwastika
66.7%
Grace Kelly hit single British artistMika
66.7%
Mosquito-spread virus popular in 2016Zika
66.7%
Ground red-colored spicePaprika
66.7%
Gorbachev's economic and political reforms in RussiaPerestroika
44.4%
Russian stringed musical instrument with a triangular bodyBalalaika
44.4%
Baywatch American model and actress, ______ EleniakErika
33.3%
Africa's largest of the Great African LakesTanganyika
33.3%
1994 Almodovar's film starred by Peter Coyote and Veronica ForqueKika
22.2%

You're not logged in!

Compare scores with friends on all Sporcle quizzes.
OR
Log In

You Might Also Like...

Show Comments

Extras

Created Feb 24, 2017ReportNominate
Tags:ending

Top Quizzes Today


Score Distribution

Your Account Isn't Verified!

In order to create a playlist on Sporcle, you need to verify the email address you used during registration. Go to your Sporcle Settings to finish the process.

Report this User

Report this user for behavior that violates our Community Guidelines.

Details: